Catálogo
 En Linea

Look at all those roses : (Registro nro. 3644)

Detalles MARC
000 -CABECERA
campo de control de longitud fija 01014cam a2200241 a 4500
001 - NÚMERO DE CONTROL
campo de control 000003822
003 - IDENTIFICADOR DEL NÚMERO DE CONTROL
campo de control DO-SdBNP
005 - FECHA Y HORA DE LA ÚLTIMA TRANSACCIÓN
campo de control 20220921100815.0
007 - CAMPO FIJO DE DESCRIPCIÓN FÍSICA--INFORMACIÓN GENERAL
campo de control de longitud fija ta
008 - DATOS DE LONGITUD FIJA--INFORMACIÓN GENERAL
campo de control de longitud fija 760424s1949 nyu 000 1 engd
040 ## - FUENTE DE LA CATALOGACIÓN
Centro catalogador/agencia de origen DO-SdBNP
Lengua de catalogación spa
Centro/agencia transcriptor BNPHU
082 #4 - NÚMERO DE LA CLASIFICACIÓN DECIMAL DEWEY
Número de clasificación 813.54
Número de documento/Ítem B786L
Número de edición 22
100 1# - ENTRADA PRINCIPAL--NOMBRE DE PERSONA
Nombre de persona Bowen, Elizabeth,
Fechas asociadas al nombre 1899-1973.
9 (RLIN) 11579
245 10 - MENCIÓN DE TÍTULO
Título Look at all those roses :
Resto del título short stories /
Mención de responsabilidad, etc. Elizabeth Bowen.
260 ## - PUBLICACIÓN, DISTRIBUCIÓN, ETC.
Lugar de publicación, distribución, etc. New York :
Nombre del editor, distribuidor, etc. A. A. Knopf,
Fecha de publicación, distribución, etc. 1949.
300 ## - DESCRIPCIÓN FÍSICA
Extensión 329 p. ;
Dimensiones 19 cm.
505 0# - NOTA DE CONTENIDO CON FORMATO
Nota de contenido con formato The Tommy Crans -- The cat jumps -- Her table spread -- The needlecase -- The apple-tree -- The disinherited -- The last night in the old home -- Reduced -- Tears, idle tears -- A walk in the woods -- Look at all those roses -- The Easter egg party -- A queer heart -- No. 16 -- The girl with the stoop -- A love story -- Love -- Oh, madam... -- Summer night.
590 ## - NOTA LOCAL (RLIN)
Nota local Inventariado, 2022 / DG
650 #4 - PUNTO DE ACCESO ADICIONAL DE MATERIA--TÉRMINO DE MATERIA
Término de materia o nombre geográfico como elemento de entrada Cuentos ingleses
9 (RLIN) 497
650 #4 - PUNTO DE ACCESO ADICIONAL DE MATERIA--TÉRMINO DE MATERIA
Término de materia o nombre geográfico como elemento de entrada Literatura inglesa
9 (RLIN) 498
910 ## - DATOS DE OPCIÓN DEL USUARIO (OCLC)
Datos de opción del usuario DG
942 ## - ELEMENTOS DE PUNTO DE ACCESO ADICIONAL (KOHA)
Fuente del sistema de clasificación o colocación Dewey Decimal Classification
Tipo de ítem Koha Libro
Existencias
Estado de retiro Estado de pérdida Fuente del sistema de clasificación o colocación Restricciones de uso No para préstamo Código de colección Localización permanente Ubicación/localización actual Ubicación en estantería Fecha de adquisición Total de préstamos Signatura topográfica completa Código de barras Fecha visto por última vez Precio válido a partir de Tipo de ítem Koha
    Dewey Decimal Classification Préstamo interno   Monografías: Libros y Folletos Biblioteca Nacional Pedro Henríquez Ureña Biblioteca Nacional Pedro Henríquez Ureña En catalogación 13.07.2009   BNPHU PD 813.54 B786L 3822-10 25.06.2020 25.06.2020 Libro

Con tecnología Koha